| 000 | 00575nam a2200217Ia 4500 | ||
|---|---|---|---|
| 005 | 20250508161716.0 | ||
| 008 | 008 250505s9999 xx 000 0 eng d | ||
| 037 | _aTextual | ||
| 040 |
_aFEDL _beng _cFEDL |
||
| 041 |
_aeng _2eng |
||
| 084 |
_a428, CLY _qFEDL |
||
| 100 |
_aClymer Theodore _9771420 |
||
| 245 | 0 | _aMay I come in?: Skills handbook | |
| 245 | 0 | _cNita | |
| 260 |
_aBoston, USA _bGinn and Company _c1969 |
||
| 300 | _a96p | ||
| 546 | _aWeeded out | ||
| 700 |
_a Wyatt Nita _9771421 |
||
| 942 |
_cTEXL _h428, CLY |
||
| 999 |
_c1371660 _d1371660 |
||